000 01055nam0a22002891 4500
001 v19\rc\1815777
005 20071224114332.2
035 _a(NLR Aleph) 004914642
090 _a5513720
_c5513720
100 _a20071224d1907 |||y0rusy50 ca
101 0 _arus
102 _aRU
105 _aab z |||||
200 1 _aМатериалы по вопросу о колебаниях состава речной воды
_eХим. исслед. воды реки Роси 1904-1905 г.
_fФ.Ф. Киркор
_g(Из Лаб. Всерос. о-ва сахарозаводчиков)
210 _aКиев
_cтип. Р.К. Лубковского
_d1907
215 _a[2], XII, [2], 244 с., 3 л. черт., карт.
_d27
700 1 _aКиркор
_bФ. Ф.
_gФедор Францевич
801 0 _aRU
_bNLR
_gpsbo
801 0 _aRU
_bRuMoRGB
_2psbo
801 1 _aRU
_bProSoft-M
_2rusmarc
852 _aNLR
_j38.67.7.38
899 _aRuMoRGB
_jA 237/78
899 _aRuMoRGB
_jE 120/300
899 _aБАН
899 _aНБ МГУ
942 _cBOOK
980 _aNB